Chargement en cours...
Malayala kavitha
| Auteur principal: | |
|---|---|
| Format: | Printed Book |
| Publié: |
1991
|
| LEADER | 003300000a22001090004500 | ||
|---|---|---|---|
| 040 | |a MAL | ||
| 082 | |a A1 008 M91 | ||
| 100 | |a Sachidanandan; Comp | ||
| 245 | |a Malayala kavitha | ||
| 260 | |c 1991 | ||
| 999 | |c 20654 |d 20654 | ||
| 952 | |0 0 |1 0 |4 0 |6 A_1_008000000000000_M91 |7 0 |8 MAL |9 20469 |a MGUL |b MGUL |d 2013-07-16 |l 0 |o A1 008 M91 |p 07753 |r 2013-07-16 |w 2013-07-16 |y BK | ||